Implementácia metód hodnotenia investičného zámeru v podmienkach SEZ Krompachy, a.s. diplomová práca

Saved in:
Bibliographic Details
Main Author: Marcinová, Katarína
Corporate Author: Podnikovohospodárska fakulta EU so sídlom v Košiciach. Katedra hospodárskej informatiky a matematiky
Other Authors: Tkáč, Michal, 1958-
Format: Book
Language:Slovak
Published: Košice 2008
Tags: Add Tag
No Tags, Be the first to tag this record!

MARC

LEADER 00000nam$a2200000$$$4500
001 0083445
005 20240201115318.0
041 0 |a slo 
044 |a SK 
245 1 0 |a Implementácia metód hodnotenia investičného zámeru v podmienkach SEZ Krompachy, a.s.  |b diplomová práca  |c Katarína Marcinová ; škol. Michal Tkáč 
264 1 |a Košice  |c 2008 
300 |a 67 s. 
100 1 |a Marcinová, Katarína 
700 1 |a Tkáč, Michal, 1958- 
710 2 |a Podnikovohospodárska fakulta EU so sídlom v Košiciach. Katedra hospodárskej informatiky a matematiky